Poland - Portugal UEFA Euro 2016 - Quarter Finals - Statistics

General Stats
  • This quiz has been taken 284 times
  • The average score is 17 of 29
Answer Stats
Answer % Correct
Robert Lewandowski ¹
96%
Cristiano Ronaldo
94%
Arkadiusz Milik
84%
Łukasz Fabiański
84%
Kamil Glik
83%
Pepe
82%
Jakub Błaszczykowski
77%
Łukasz Piszczek
76%
Rui Patricio
76%
Renato Sanches ¹
72%
Grzegroz Krychowiak
71%
Michał Pazdan
70%
Kamil Grosicki
67%
Nani
62%
Adam Nawalka
61%
Ricardo Quaresma
59%
Fernando Santos
55%
Adrien Silva
52%
Krzysztof Mączyński
51%
William Carvalho
49%
Bartosz Kapustka
47%
João Moutinho
44%
José Fonte
43%
Cédric Soares
41%
Danilo Pereira
30%
Tomasz Jodłowiec
30%
João Mário
28%
Eliseu
18%
Artur Jędrzejczyk
8%
No matching quizzes found
Score Distribution
Percent of People with Each Score
Percentile by Number Answered
Your Score History
You have not taken this quiz